000
00304nam a22001337a 4500
008
240318b ||||| |||| 00| 0 eng d
041
_a
eng
080
_2
1955
_a
51
082
_a
51YOU
100
_a
22
101
_a
MATEMATIKA
245
_a
MONOGRAPHS MODERN MATHEMATICS
_c
J.W.A.YOUNG
942
_2
udc
_c
BK
999
_c
60609
_d
60609